000 00992nam a22002657i 4500
005 20251229110100.0
008 250906s2024 jo ||||gr|||| 00| 0 ara d
020 _a978992332281
040 _aJO-AmGAM
_erda
082 1 4 _a306.44
_bم ص ا
100 1 _aمصالحة، مروان أحمد
_eمؤلف.
245 1 0 _aتطوير لغة الحوار عند الصغار /
_cد. مروان أحمد مصالحة ؛ مراجعة لغوية الأستاذ محمد كنعان.
250 _aالطبعة الأولى.
264 _aعمان :
_bدار يافا العلمية للنشر والتوزيع،
_c2024.
300 _a142 صفحة.
336 _2rdacontent
_aنص
_btxt
337 _2rdamedia
_aدون وسيط عرض
_bn
338 _2rdacarrier
_aمجلد
_bnc
650 1 7 _aعلم الاجتماع اللغوي.
650 1 7 _aالأطفال.
650 1 7 _aاللغة.
700 1 _aكنعان، محمد
_eمراجع.
942 _2ddc
_cBK
999 _c247656
_d247656